000 00384nam a2200157 a 4500
001 5324
003 CO-ViMGA
008 141112s2004 ck r 000 u spa d
040 _aCO-ViMGA
_bspa
_cCO-ViMGA
082 0 4 _a636.408 C74
245 1 0 _aCría de cerdos
260 _aBuenos Aires :
_bAlbatros,
_c1989
300 _a103 p : il
650 1 4 _aCRIA DE CERDOS
_93635
942 _2ddc
_cBK
999 _c17319
_d17319